|
|
|
|
| LEADER |
00000nam0a2200000 4500 |
| 001 |
279008 |
| 005 |
20231101235153.0 |
| 020 |
|
|
|a RU
|b 86-46411
|
| 035 |
|
|
|a (RuTPU)RU\TPU\book\302286
|
| 090 |
|
|
|a 279008
|
| 100 |
|
|
|a 20141216d1986 k y0rusy5003 ca
|
| 101 |
0 |
|
|a rus
|
| 102 |
|
|
|a RU
|
| 105 |
|
|
|a a z 001zy
|
| 200 |
1 |
|
|a Технология электрохимической обработки деталей в авиадвигателестроении
|f В. А. Шманев [и др.]
|
| 210 |
|
|
|a Москва
|c Машиностроение
|d 1986
|
| 215 |
|
|
|a 168 с.
|c ил.
|
| 320 |
|
|
|a Библиогр.: с. 161-162
|
| 606 |
1 |
|
|a Авиационные двигатели
|x Детали
|x Обработка
|2 stltpush
|3 (RuTPU)RU\TPU\subj\198
|9 29204
|
| 610 |
1 |
|
|a электрохимическая обработка
|
| 610 |
1 |
|
|a газотурбинные двигатели
|
| 610 |
1 |
|
|a поверхности
|
| 610 |
1 |
|
|a формообразование
|
| 610 |
1 |
|
|a отверстия
|
| 610 |
1 |
|
|a полости
|
| 610 |
1 |
|
|a скругление
|
| 675 |
|
|
|a 621.431.75-2
|v 4
|
| 701 |
|
1 |
|a Шманев
|b В. А.
|g Василий Александрович
|
| 701 |
|
1 |
|a Филимошин
|b В. Г.
|g Владимир Георгиевич
|
| 701 |
|
1 |
|a Каримов
|b А. Х.
|g Альберт Хамзович
|
| 701 |
|
1 |
|a Петров
|b Б. И.
|
| 801 |
|
0 |
|a RU
|b RuMRKP
|c 19950704
|g psbo
|
| 801 |
|
1 |
|a RU
|b 63413507
|c 20141216
|
| 801 |
|
2 |
|a RU
|b 63413507
|c 20180126
|g RCR
|
| 942 |
|
|
|c BK
|